Score 0/20 Timer 04:00
0 Plays Today
% Correct
Christmas
94.2%
Dream
92.9%
Importance
92.7%
Day
92.3%
Remember
91.5%
Dalloway
91.3%
House
91.1%
Children
90.9%
Stop
90.8%
Arsenic
89.9%
% Correct
Seize
88.8%
Sheep
88.6%
Night
87.6%
Dark
86.5%
Volcano
83%
Build
82.9%
Remarkable
81%
Cask
77.4%
Digital
71.3%
Single
61.5%
Remove Ads.
Support Sporcle.
Get the best of Sporcle when you Go Orange. This ad-free experience offers more features, more stats, and more fun while also helping to support Sporcle. Thank you for becoming a member.

You're not logged in!

Compare scores with friends on all Sporcle quizzes.
OR
Log In

Sporcle TV

Today on Sporcle TV


Watch our educational content, quiz creation guides, and fun videos on Sporcle TV.

Show Comments

Extras

Top Quizzes Today


Score Distribution

Paid Content

Your Account Isn't Verified!

In order to create a playlist on Sporcle, you need to verify the email address you used during registration. Go to your Sporcle Settings to finish the process.

Report this User

Report this user for behavior that violates our Community Guidelines.

Details: